[Event "Sigeman & Co 30th"]
[Site "Malmo"]
[Date "2025.05.23"]
[Round "4"]
[White "Grandelius, Nils"]
[Black "Robson, Ray"]
[Result "1/2-1/2"]
[WhiteElo "2637"]
[BlackElo "2692"]
[PlyCount "147"]
[EventDate "2025.05.20"]
[EventType "tourn"]
[EventRounds "7"]
[EventCountry "SWE"]
[EventCategory "16"]
[SourceTitle "CB22_2025"]
[SourceDate "2025.05.28"]
[SourceVersion "1"]
[SourceVersionDate "2025.05.28"]
[SourceQuality "1"]

1. d4 Nf6 2. c4 e6 3. Nc3 Bb4 4. e3 0-0 5. Bd3 c5 6. Nf3 d5 7. cxd5 exd5 8. dxc5 Bg4 9. 0-0 Bxc5 10. h3 Bh5 11. a3 Nc6 12. b4 Bb6 13. Be2 d4 14. Nxd4 Bxd4 15. exd4 Qxd4 16. Qxd4 Nxd4 17. Bxh5 Nxh5 18. Rd1 Rfd8 19. Ra2 a5 20. bxa5 Nc6 21. Rxd8+ Nxd8 22. Re2 Nc6 23. Nd5 Nxa5 24. g4 Nf6 25. Nxf6+ gxf6 26. Bb2 Kg7 27. Re4 b5 28. Rf4 Ra6 29. g5 Nc4 30. Bxf6+ Kg6 31. Rh4 h5 32. gxh6 Kh7 33. Be7 Nxa3 34. Rf4 Kxh6 35. Rxf7 Nc2 36. Bf8+ Kg6 37. Rb7 b4 38. Bxb4 Ra1+ 39. Kg2 Nxb4 40. Rxb4 Ra3 41. Rg4+ Kh5 42. Re4 Kg5 43. h4+ Kh5 44. f3 Ra1 45. Rg4 Rb1 46. Kh3 Rh1+ 47. Kg3 Rg1+ 48. Kf4 Ra1 49. Rg8 Rb1 50. Rh8+ Kg6 51. Re8 Kh5 52. Rh8+ Kg6 53. h5+ Kg7 54. Re8 Kh6 55. Re5 Ra1 56. Kg4 Rg1+ 57. Kh3 Rh1+ 58. Kg3 Rg1+ 59. Kf4 Ra1 60. Kg4 Rg1+ 61. Kf5 Kxh5 62. f4 Kh6 63. Kf6 Rg6+ 64. Kf7 Rg7+ 65. Kf8 Rg6 66. Ke7 Rg7+ 67. Kf6 Rg6+ 68. Kf5 Rg1 69. Re7 Rf1 70. Rf7 Ra1 71. Rd7 Rf1 72. Re7 Rf2 73. Rd7 Rf1 74. Rd6+ 1/2-1/2

[Event "Sigeman & Co 30th"]
[Site "Malmo"]
[Date "2025.05.22"]
[Round "3"]
[White "Robson, Ray"]
[Black "L'Ami, Erwin"]
[Result "1/2-1/2"]
[WhiteElo "2692"]
[BlackElo "2621"]
[PlyCount "72"]
[EventDate "2025.05.20"]
[EventType "tourn"]
[EventRounds "7"]
[EventCountry "SWE"]
[EventCategory "16"]
[SourceTitle "CB22_2025"]
[SourceDate "2025.05.28"]
[SourceVersion "1"]
[SourceVersionDate "2025.05.28"]
[SourceQuality "1"]

1. e4 c5 2. Nf3 d6 3. d4 cxd4 4. Nxd4 Nf6 5. Nc3 a6 6. Be3 e5 7. Nb3 Be6 8. f3 h5 9. Qd2 Nbd7 10. 0-0-0 Rc8 11. Kb1 Be7 12. a4 Nb6 13. a5 Nc4 14. Bxc4 Rxc4 15. Bg5 Qc7 16. Bxf6 gxf6 17. f4 exf4 18. Nd5 Bxd5 19. exd5 f5 20. Rhe1 0-0 21. Qd3 Bf6 22. Qxf5 Kg7 23. Re2 Qc8 24. Qd3 Rb4 25. g3 Re8 26. gxf4 Rxe2 27. Qxe2 Qg4 28. Qxg4+ hxg4 29. Rg1 Rxf4 30. h3 Kg6 31. hxg4 Rb4 32. g5 Be5 33. Ka2 Ra4+ 34. Kb1 Rb4 35. Ka2 Ra4+ 36. Kb1 Rb4 1/2-1/2

[Event "Sigeman & Co 30th"]
[Site "Malmo"]
[Date "2025.05.20"]
[Round "1"]
[White "Ivanchuk, Vassily"]
[Black "Robson, Ray"]
[Result "1/2-1/2"]
[WhiteElo "2644"]
[BlackElo "2692"]
[PlyCount "219"]
[EventDate "2025.05.20"]
[EventType "tourn"]
[EventRounds "7"]
[EventCountry "SWE"]
[EventCategory "16"]
[SourceTitle "CB22_2025"]
[SourceDate "2025.05.28"]
[SourceVersion "1"]
[SourceVersionDate "2025.05.28"]
[SourceQuality "1"]

1. e4 e5 2. Nf3 Nc6 3. Bb5 Nf6 4. d3 Bc5 5. Bxc6 dxc6 6. Qe2 Nd7 7. Be3 Bxe3 8. Qxe3 c5 9. Nc3 b6 10. 0-0-0 Bb7 11. Nd2 Qe7 12. f4 exf4 13. Qxf4 0-0-0 14. Nc4 Nf8 15. Qf5+ Kb8 16. Rhe1 Ne6 17. Kb1 Nd4 18. Qf2 f6 19. h3 h5 20. Ne2 Nxe2 21. Qxe2 Bc8 22. Ne3 Be6 23. Qf2 Qd7 24. Re2 a5 25. Red2 a4 26. a3 Rhf8 27. Qf3 g6 28. Rf2 f5 29. exf5 Bxf5 30. Qg3 Qe7 31. Nxf5 Rxf5 32. Rxf5 gxf5 33. Qf3 Rg8 34. Qxh5 Rxg2 35. Qxf5 Qe2 36. Rc1 Rh2 37. Qd7 Kb7 38. Qd5+ Kb8 39. Qd7 Kb7 40. Qxa4 Rxh3 41. Qd7 Qg2 42. Qe6 Rh5 43. Re1 Qd5 44. Qe2 Rh8 45. Rf1 Qc6 46. Rf5 Re8 47. Qf1 Rh8 48. Rg5 Rh2 49. Rg1 Rh8 50. Qf7 Qe8 51. Qc4 Rf8 52. Rg7 Qc6 53. Re7 Rf5 54. Re1 Qd5 55. Qa4 Rf2 56. b3 Qd4 57. Qxd4 cxd4 58. Re6 c5 59. b4 cxb4 60. axb4 Rf5 61. Rd6 Rf4 62. b5 Rf5 63. Rd7+ Kc8 64. Rxd4 Rxb5+ 65. Ka2 Kc7 66. Ka3 Rh5 67. Kb4 Kc6 68. Rc4+ Kb7 69. Rg4 Rh1 70. Rg7+ Kc6 71. Rg6+ Kc7 72. d4 Rc1 73. c3 Rb1+ 74. Kc4 Rc1 75. d5 Rd1 76. Rc6+ Kb7 77. Rd6 Kc7 78. Re6 Rd2 79. Re4 Kd6 80. Re6+ Kc7 81. Re5 Rd1 82. Re2 Kd6 83. Rb2 Kc7 84. Rb5 Kb7 85. Kb3 Rb1+ 86. Kc4 Rd1 87. Rb2 Kc7 88. Rh2 Kd6 89. Rh4 Rd2 90. Kb5 Kxd5 91. Kxb6 Rc2 92. Rd4+ Ke5 93. Rc4 Kd6 94. Rc6+ Kd5 95. Rc5+ Ke4 96. Kb5 Kd3 97. c4 Rb2+ 98. Kc6 Rh2 99. Kb6 Kd4 100. Rc6 Rb2+ 101. Ka5 Ra2+ 102. Kb5 Rb2+ 103. Ka4 Rb1 104. Rc8 Ra1+ 105. Kb3 Rb1+ 106. Ka3 Kc3 107. Ka2 Rb2+ 108. Ka1 Rb4 109. Rh8 Rxc4 110. Rh3+ 1/2-1/2

[Event "American Cup Blitz"]
[Site "Saint Louis"]
[Date "2025.03.24"]
[Round "2"]
[White "Quesada Perez, Yasser"]
[Black "Robson, Ray"]
[Result "0-1"]
[WhiteElo "2570"]
[BlackElo "2689"]
[PlyCount "54"]
[EventDate "2025.03.24"]
[EventType "swiss (blitz)"]
[EventRounds "9"]
[EventCountry "USA"]
[SourceTitle "CB14_2025"]
[SourceDate "2024.11.01"]
[SourceVersion "1"]
[SourceVersionDate "2024.11.01"]
[SourceQuality "1"]

1. e4 c5 2. Nf3 d6 3. Bb5+ Bd7 4. Bxd7+ Nxd7 5. c4 e6 6. Nc3 Ne5 7. d3 Ne7 8. 0-0 N7c6 9. Ne1 g5 10. Nc2 Bg7 11. Rb1 h6 12. b4 Nxc4 13. dxc4 Bxc3 14. bxc5 dxc5 15. Rxb7 Qxd1 16. Rxd1 0-0 17. Be3 Rfd8 18. Rxd8+ Rxd8 19. f4 Rd1+ 20. Kf2 Nd4 21. Rd7 g4 22. h3 g3+ 23. Kxg3 Ne2+ 24. Kf2 Rxd7 25. Kxe2 f5 26. e5 h5 27. Bxc5 Rd2+ 0-1

[Event "American Cup Blitz"]
[Site "Saint Louis"]
[Date "2025.03.24"]
[Round "5"]
[White "Robson, Ray"]
[Black "Budisavljevic, Luka"]
[Result "1-0"]
[WhiteElo "2689"]
[BlackElo "2502"]
[PlyCount "59"]
[EventDate "2025.03.24"]
[EventType "swiss (blitz)"]
[EventRounds "9"]
[EventCountry "USA"]
[SourceTitle "CB14_2025"]
[SourceDate "2024.11.01"]
[SourceVersion "1"]
[SourceVersionDate "2024.11.01"]
[SourceQuality "1"]

1. e4 e6 2. d4 d5 3. Nc3 Nc6 4. e5 f6 5. f4 fxe5 6. dxe5 Bc5 7. Nf3 Nh6 8. Na4 Bb4+ 9. c3 Be7 10. Bd3 b6 11. 0-0 Bb7 12. Nd4 Qd7 13. Qh5+ Nf7 14. f5 Nxd4 15. fxe6 Qxe6 16. cxd4 g6 17. Qe2 0-0 18. Be3 c5 19. dxc5 Nxe5 20. Bd4 Bf6 21. Rxf6 Qxf6 22. Qxe5 Qxe5 23. Bxe5 Bc6 24. Nc3 bxc5 25. Bd6 Rfe8 26. Bxc5 d4 27. Bxd4 Rad8 28. Bc4+ Kf8 29. Rf1+ Ke7 30. Bf6+ 1-0

[Event "American Cup Champ"]
[Site "Saint Louis"]
[Date "2025.03.17"]
[Round "1.2"]
[White "Robson, Ray"]
[Black "Caruana, Fabiano"]
[Result "1/2-1/2"]
[WhiteElo "2689"]
[BlackElo "2783"]
[PlyCount "48"]
[EventDate "2025.03.15"]
[EventType "k.o."]
[EventRounds "4"]
[EventCountry "USA"]
[SourceTitle "CB13_2025"]
[SourceDate "2025.03.26"]
[SourceVersion "1"]
[SourceVersionDate "2025.03.26"]
[SourceQuality "1"]

1. e4 c5 2. Nc3 Nc6 3. Nf3 g6 4. d4 cxd4 5. Nxd4 Bg7 6. Be3 Nf6 7. Bc4 0-0 8. Bb3 a5 9. 0-0 Ng4 10. Qxg4 Nxd4 11. Qd1 Nxb3 12. axb3 d6 13. Bd4 Ra6 14. Bxg7 Kxg7 15. Qd4+ f6 16. Nd5 Be6 17. c4 Qd7 18. Ra2 Rb8 19. Rfa1 Qd8 20. h3 Rba8 21. Ra3 Bf7 22. R3a2 Be6 23. Ra3 Bf7 24. R3a2 Be6 1/2-1/2

[Event "American Cup Elim"]
[Site "Saint Louis"]
[Date "2025.03.17"]
[Round "1.4"]
[White "Robson, Ray"]
[Black "Sevian, Samuel"]
[Result "0-1"]
[WhiteElo "2689"]
[BlackElo "2692"]
[PlyCount "58"]
[EventDate "2025.03.17"]
[EventType "k.o."]
[EventRounds "4"]
[EventCountry "USA"]
[SourceTitle "CB13_2025"]
[SourceDate "2025.03.26"]
[SourceVersion "1"]
[SourceVersionDate "2025.03.26"]
[SourceQuality "1"]

1. e4 e5 2. Nc3 Nf6 3. Bc4 Nc6 4. d3 Na5 5. Bb3 Bc5 6. f4 d6 7. Qf3 exf4 8. Bxf4 Nxb3 9. axb3 h6 10. Nge2 Bg4 11. Qg3 Bxe2 12. Nxe2 Nh5 13. Qf3 Nxf4 14. Nxf4 Qh4+ 15. Kd2 c6 16. c3 0-0 17. d4 Bb6 18. g3 Qe7 19. Rhf1 f5 20. Qh5 Qf7 21. Ng6 Qxb3 22. Rab1 Rf7 23. Rxf5 Re8 24. Rbf1 Qxb2+ 25. Kd3 Bxd4 26. cxd4 Qb3+ 27. Ke2 Qc2+ 28. Ke3 Rxe4+ 29. Kf3 Qe2# 0-1

[Event "American Cup Elim"]
[Site "Saint Louis"]
[Date "2025.03.17"]
[Round "1.1"]
[White "Sevian, Samuel"]
[Black "Robson, Ray"]
[Result "1/2-1/2"]
[WhiteElo "2692"]
[BlackElo "2689"]
[PlyCount "174"]
[EventDate "2025.03.17"]
[EventType "k.o."]
[EventRounds "4"]
[EventCountry "USA"]
[SourceTitle "CB13_2025"]
[SourceDate "2025.03.26"]
[SourceVersion "1"]
[SourceVersionDate "2025.03.26"]
[SourceQuality "1"]

1. e4 e5 2. Nf3 Nc6 3. Bc4 Nf6 4. d3 Bc5 5. c3 0-0 6. a4 a5 7. Bg5 Be7 8. Nbd2 d6 9. Nf1 h6 10. Bxf6 Bxf6 11. Ne3 Ne7 12. h4 c6 13. Qb3 Rb8 14. 0-0 b5 15. axb5 Qb6 16. Qd1 cxb5 17. Ba2 Qd8 18. d4 b4 19. Re1 h5 20. Bc4 bxc3 21. bxc3 Qc7 22. Ng5 g6 23. Qf3 Kg7 24. Nh7 Kxh7 25. Qxf6 Ng8 26. Qf3 Be6 27. Ra4 Bd7 28. Ra3 a4 29. Rea1 Qd8 30. Qg3 Qf6 31. Nd5 Qg7 32. dxe5 dxe5 33. Bd3 Rb2 34. Ne3 Re8 35. Nc4 Rbb8 36. Bc2 Nf6 37. Bxa4 Bxa4 38. Rxa4 Nxe4 39. Qf3 f5 40. Qe3 Re7 41. Ra7 Rb1+ 42. Rxb1 Rxa7 43. Nxe5 Rc7 44. Nf3 Rxc3 45. Qf4 Qc7 46. Qxc7+ Rxc7 47. Ne5 Re7 48. Nc6 Rd7 49. f3 Nc3 50. Rb2 Rc7 51. Nd4 Re7 52. Kh2 Nd5 53. Nc6 Rc7 54. Ne5 Re7 55. Nd3 Kg7 56. Rb5 Nc7 57. Ra5 Ne6 58. Ra6 Nf8 59. Nf4 Rd7 60. Nh3 Rd4 61. Kg3 Rd7 62. Ng5 Rb7 63. Nh3 Rc7 64. Nf4 Rb7 65. Ra8 Rd7 66. Rc8 Rb7 67. Nd3 Rd7 68. Ne5 Re7 69. Nd3 Ne6 70. Rc6 Nd4 71. Rd6 Ne6 72. Ra6 Nf8 73. Nf4 Rb7 74. Rc6 Ra7 75. Rb6 Rd7 76. Kf2 Re7 77. Nd3 Ne6 78. Kg3 Rd7 79. Ne5 Re7 80. f4 Nf8 81. Ra6 Rb7 82. Kf2 Rb2+ 83. Kf3 Rb3+ 84. Kf2 Rb2+ 85. Kf3 Rb3+ 86. Kf2 Rb2+ 87. Kf3 Rb3+ 1/2-1/2

[Event "American Cup Champ"]
[Site "Saint Louis"]
[Date "2025.03.16"]
[Round "1.1"]
[White "Caruana, Fabiano"]
[Black "Robson, Ray"]
[Result "1/2-1/2"]
[WhiteElo "2783"]
[BlackElo "2689"]
[PlyCount "107"]
[EventDate "2025.03.15"]
[EventType "k.o."]
[EventRounds "4"]
[EventCountry "USA"]
[SourceTitle "CB13_2025"]
[SourceDate "2025.03.26"]
[SourceVersion "1"]
[SourceVersionDate "2025.03.26"]
[SourceQuality "1"]

1. Nf3 d5 2. g3 c5 3. Bg2 Nf6 4. 0-0 g6 5. c4 Bg7 6. Qa4+ Nc6 7. Nc3 d4 8. Ne5 0-0 9. Nxc6 bxc6 10. Nd1 Bd7 11. d3 e5 12. Bxc6 Bxc6 13. Qxc6 Rc8 14. Qg2 Qd7 15. f3 a5 16. b3 a4 17. Nb2 axb3 18. axb3 Qb7 19. Ra3 Qb4 20. Na4 Bh6 21. Bxh6 Qxa3 22. Bxf8 Rxf8 23. Rb1 Rb8 24. Qf1 Nd7 25. Qd1 f5 26. Qc2 Nf6 27. Kg2 Nd7 28. Kf2 Kf7 29. e4 fxe4 30. dxe4 g5 31. Kg2 Ke6 32. Qd1 h6 33. f4 gxf4 34. Qg4+ Kd6 35. gxf4 Rxb3 36. Rxb3 Qxa4 37. Qg6+ Kc7 38. Rb2 exf4 39. Qxh6 f3+ 40. Kg3 Qxc4 41. Qf4+ Kc8 42. Qxf3 Qc1 43. Ra2 Qg5+ 44. Kf2 c4 45. Qf5 Qe3+ 46. Kg2 d3 47. Qd5 c3 48. Qc6+ Kd8 49. Qxc3 Qxe4+ 50. Kf2 Qf5+ 51. Kg1 Qg4+ 52. Kf2 Qf5+ 53. Kg1 Qg4+ 54. Kf2 1/2-1/2

[Event "Champions Showdown Kings rapid"]
[Site "Saint Louis"]
[Date "2025.03.05"]
[Round "2.2"]
[White "Nakamura, Hikaru"]
[Black "Robson, Ray"]
[Result "1-0"]
[WhiteElo "2802"]
[BlackElo "2689"]
[PlyCount "103"]
[EventDate "2025.03.04"]
[EventType "match (rapid)"]
[EventRounds "3"]
[EventCountry "USA"]
[SourceTitle "CB11_2025"]
[SourceDate "2025.03.12"]
[SourceVersion "1"]
[SourceVersionDate "2025.03.12"]
[SourceQuality "1"]

1. Nf3 d5 2. e3 c5 3. b3 Nf6 4. Bb2 g6 5. c4 Bg7 6. cxd5 Qxd5 7. Nc3 Qd8 8. Na4 b6 9. d4 cxd4 10. Nxd4 0-0 11. Qf3 Qd5 12. Rc1 Bb7 13. Qxd5 Nxd5 14. Be2 Nd7 15. e4 Nf4 16. Rc7 Nc5 17. Nxc5 bxc5 18. Rxb7 cxd4 19. Bc4 Nxg2+ 20. Kd2 e6 21. Rg1 Nf4 22. Ba3 Rfc8 23. Bd6 Bh6 24. Rg4 Nh3+ 25. Ke2 Rd8 26. e5 Nf4+ 27. Kf3 d3 28. Rxf4 Bxf4 29. Kxf4 d2 30. Be2 Rac8 31. Ke3 Rc2 32. Rxa7 Rdc8 33. Bd1 Rb2 34. a4 Rc3+ 35. Ke2 Kg7 36. Be7 Rc1 37. Rd7 Rbb1 38. Rxd2 Ra1 39. h4 Kh6 40. Bg5+ Kg7 41. b4 Rc4 42. Bf6+ Kh6 43. b5 Ra3 44. Bg5+ Kg7 45. Bf6+ Kh6 46. Kf1 Ra1 47. Kg2 Rcc1 48. b6 Rcb1 49. Bg5+ Kg7 50. Bf6+ Kh6 51. Bd8 Rb4 52. Be7 1-0

[Event "Champions Showdown Kings blitz"]
[Site "Saint Louis"]
[Date "2025.03.04"]
[Round "1.1"]
[White "Dominguez Perez, Leinier"]
[Black "Robson, Ray"]
[Result "1-0"]
[WhiteElo "2741"]
[BlackElo "2689"]
[PlyCount "135"]
[EventDate "2025.03.04"]
[EventType "match (blitz)"]
[EventRounds "3"]
[EventCountry "USA"]
[SourceTitle "CB11_2025"]
[SourceDate "2025.03.12"]
[SourceVersion "1"]
[SourceVersionDate "2025.03.12"]
[SourceQuality "1"]

1. e4 c5 2. Nf3 d6 3. d4 cxd4 4. Nxd4 Nf6 5. Nc3 a6 6. Be3 e5 7. Nf3 Be7 8. Bc4 Be6 9. Bb3 0-0 10. 0-0 b5 11. a4 Bxb3 12. cxb3 Nbd7 13. b4 bxa4 14. Rxa4 Qc7 15. Qd3 Qb7 16. Rfa1 Rfd8 17. h3 Bf8 18. Nd2 d5 19. Nxd5 Nxd5 20. Qxd5 Qxd5 21. exd5 Rab8 22. Nc4 Nf6 23. Nxe5 Rxd5 24. Nc6 Rc8 25. Rxa6 h6 26. Rc1 Re8 27. Bd4 Nd7 28. Ra5 Rd6 29. b5 Re4 30. Be3 Rd5 31. b6 Rxa5 32. Nxa5 Rxe3 33. fxe3 Nxb6 34. Nc4 Nd5 35. Rd1 Nb4 36. Rd7 Nc6 37. Rc7 Nb4 38. e4 g6 39. Kf2 Nd3+ 40. Ke3 Ne1 41. Kf2 Nd3+ 42. Kf3 Ne1+ 43. Kg3 h5 44. e5 Nd3 45. Rd7 Nc5 46. Rd8 Kg7 47. Kf3 Ne6 48. Rd7 Nc5 49. Ra7 Ne6 50. Nd6 Nd8 51. Rd7 Nc6 52. Nxf7 Be7 53. Rxe7 Nxe7 54. Nd6 Nc6 55. Ke4 h4 56. Nb5 Kf7 57. Nd4 Nb4 58. Nf3 Na6 59. Nxh4 Nc5+ 60. Kd5 Nd3 61. b3 g5 62. Nf3 Kg6 63. Kd6 Nf4 64. e6 Kf6 65. e7 Kf7 66. Nxg5+ Ke8 67. Ne4 Nh5 68. g4 1-0

[Event "Titled Tuesday intern op 04th Feb Late"]
[Site "Chess.com INT"]
[Date "2025.02.04"]
[Round "6"]
[White "Kosakowski, Jakub"]
[Black "Robson, Ray"]
[Result "1/2-1/2"]
[WhiteElo "2511"]
[BlackElo "2689"]
[PlyCount "78"]
[EventDate "2025.02.04"]
[EventType "swiss (blitz)"]
[EventRounds "11"]
[EventCountry "USA"]
[SourceTitle "CB07_2025"]
[SourceDate "2025.02.12"]
[SourceVersion "1"]
[SourceVersionDate "2025.02.12"]
[SourceQuality "1"]

1. e4 c5 2. Nf3 d6 3. d4 cxd4 4. Nxd4 Nf6 5. Bd3 g6 6. 0-0 Bg7 7. c4 Nc6 8. Ne2 0-0 9. Nbc3 b6 10. b3 e6 11. Bf4 d5 12. cxd5 exd5 13. Rc1 Bb7 14. Bg5 dxe4 15. Bxe4 Qxd1 16. Rfxd1 Nxe4 17. Nxe4 Nb4 18. Nd6 Ba6 19. Nf4 f6 20. Bh4 g5 21. Ne6 gxh4 22. Nf5 Rf7 23. Nexg7 Rxg7 24. Nxg7 Kxg7 25. Rc7+ Kg6 26. Rd4 Re8 27. h3 Nd3 28. Rxh4 Re1+ 29. Kh2 Nxf2 30. Rhxh7 Rh1+ 31. Kg3 Ne4+ 32. Kf4 f5 33. Rcg7+ Kf6 34. Rxa7 Rf1+ 35. Ke3 Re1+ 36. Kd4 Rd1+ 37. Ke3 Re1+ 38. Kd4 Rd1+ 39. Ke3 Re1+ 1/2-1/2

[Event "Titled Tuesday intern op 21st Jan Late"]
[Site "Chess.com INT"]
[Date "2025.01.21"]
[Round "8"]
[White "Ilinca Ilinca, Felix Antonio"]
[Black "Robson, Ray"]
[Result "0-1"]
[WhiteElo "2440"]
[BlackElo "2689"]
[PlyCount "198"]
[EventDate "2025.01.21"]
[EventType "swiss (blitz)"]
[EventRounds "11"]
[EventCountry "USA"]
[SourceTitle "CB05_2025"]
[SourceDate "2025.01.29"]
[SourceVersion "1"]
[SourceVersionDate "2025.01.29"]
[SourceQuality "1"]

1. d4 Nf6 2. Nc3 d5 3. Bf4 g6 4. e3 Nh5 5. Bg5 h6 6. Bh4 c6 7. Be2 Ng7 8. f3 Nd7 9. e4 Qb6 10. a3 Ne6 11. exd5 Nxd4 12. Bf2 Bg7 13. Na4 Qa5+ 14. b4 Qxd5 15. c3 Nxe2 16. Qxd5 cxd5 17. Nxe2 b6 18. Rd1 e6 19. Nd4 0-0 20. 0-0 Ba6 21. Rfe1 Rfc8 22. f4 Nf6 23. b5 Bb7 24. Nf3 Ne4 25. Bd4 Bf8 26. Ne5 Bxa3 27. Nd7 Be7 28. Ra1 f6 29. Rad1 Kf7 30. Ndxb6 axb6 31. Nxb6 Rab8 32. Nxc8 Rxc8 33. Ra1 Bd6 34. Ra7 Rc7 35. b6 Re7 36. g3 e5 37. Be3 Nxc3 38. fxe5 fxe5 39. Bxh6 Ke6 40. Be3 d4 41. Bxd4 Nb5 42. Bf2 Nxa7 43. bxa7 Bf3 44. Re3 Ba8 45. Rb3 Re8 46. h3 Rc8 47. g4 Rc1+ 48. Kh2 e4+ 49. Bg3 Rc2+ 50. Kg1 Bc5+ 51. Kf1 e3 52. Rb8 Bf3 53. Re8+ Kf7 54. a8Q e2+ 55. Rxe2 Rc1+ 56. Re1 Rxe1+ 57. Bxe1 Bxa8 58. Bf2 Be7 59. Bg3 Bf3 60. Kf2 Bd1 61. Bf4 Ke6 62. Kg3 g5 63. Be3 Kf7 64. Bf2 Be2 65. Be3 Kg6 66. Kf2 Bd3 67. Kg2 Be4+ 68. Kg1 Bd6 69. Bd4 Bg3 70. Bf2 Bh4 71. Be3 Kf6 72. Bd4+ Ke6 73. Kh2 Bd3 74. Bg1 Ke5 75. Be3 Ke4 76. Ba7 Kf3 77. Bb8 Kf2 78. Ba7+ Kf3 79. Bb8 Bf1 80. Bc7 Bc4 81. Bb8 Bd5 82. Bc7 Kf2 83. Bb6+ Kf1 84. Bc7 Bf2 85. Bb8 Ke2 86. Be5 Ke1 87. Bf6 Bh4 88. Be5 Kf1 89. Bb8 Bf2 90. Be5 Bf3 91. Bd6 Be2 92. Be5 Bh4 93. Bd6 Kf2 94. Bb8 Kf3 95. Bc7 Bf2 96. Bd6 Be3 97. Be7 Bf4+ 98. Kg1 Kg3 99. h4 Be3+ 0-1

[Event "Titled Tuesday intern op 21st Jan Late"]
[Site "Chess.com INT"]
[Date "2025.01.21"]
[Round "5"]
[White "Robson, Ray"]
[Black "Altini, Nicola"]
[Result "1-0"]
[WhiteElo "2689"]
[BlackElo "2366"]
[PlyCount "57"]
[EventDate "2025.01.21"]
[EventType "swiss (blitz)"]
[EventRounds "11"]
[EventCountry "USA"]
[SourceTitle "CB05_2025"]
[SourceDate "2025.01.29"]
[SourceVersion "1"]
[SourceVersionDate "2025.01.29"]
[SourceQuality "1"]

1. d4 d5 2. c4 e6 3. Nc3 Nf6 4. cxd5 exd5 5. Bg5 Bb4 6. e3 h6 7. Bh4 g5 8. Bg3 Ne4 9. Rc1 h5 10. Bd3 h4 11. Be5 f6 12. Bxe4 dxe4 13. d5 Na6 14. Bd4 0-0 15. Nge2 Qxd5 16. 0-0 Qf5 17. f3 exf3 18. Rxf3 Qe6 19. Qd3 f5 20. a3 Be7 21. e4 f4 22. Nd5 c6 23. Nexf4 gxf4 24. Nxf4 Qg4 25. Rcf1 Be6 26. h3 Qg5 27. Nxe6 Rxf3 28. Qxf3 Qh6 29. Qf7# 1-0

[Event "Titled Tuesday intern op 21st Jan Late"]
[Site "Chess.com INT"]
[Date "2025.01.21"]
[Round "10"]
[White "Robson, Ray"]
[Black "Rasulov, Vugar Ural Oglu"]
[Result "0-1"]
[WhiteElo "2689"]
[BlackElo "2500"]
[PlyCount "136"]
[EventDate "2025.01.21"]
[EventType "swiss (blitz)"]
[EventRounds "11"]
[EventCountry "USA"]
[SourceTitle "CB05_2025"]
[SourceDate "2025.01.29"]
[SourceVersion "1"]
[SourceVersionDate "2025.01.29"]
[SourceQuality "1"]

1. d4 Nf6 2. c4 e6 3. Nf3 d5 4. Nc3 c6 5. g3 Nbd7 6. Bg2 Be7 7. 0-0 0-0 8. Qd3 b6 9. e4 Ba6 10. b3 Rc8 11. a4 h6 12. Rd1 Bb4 13. e5 Ne8 14. Bb2 Nc7 15. Ne2 c5 16. Nf4 cxd4 17. Qxd4 Bc5 18. Qd2 Bb7 19. Ne1 Qg5 20. cxd5 Nxe5 21. b4 Nc4 22. Qe2 Nxb2 23. Qxb2 Be7 24. d6 Bf6 25. Qe2 Bxg2 26. Kxg2 Bxa1 27. dxc7 Qe5 28. Qa6 Rxc7 29. Nf3 Qf6 30. Nh5 Qf5 31. Nf4 Bf6 32. Qe2 Rc2 33. Qe3 Rfc8 34. h3 Bg5 35. Rd7 Bxf4 36. gxf4 Qg6+ 37. Kh2 R2c3 38. Qe2 Qh5 39. Kg2 a5 40. b5 Rf8 41. Qd1 Qg6+ 42. Kh2 Qf5 43. Rd4 Qc2 44. Qxc2 Rxc2 45. Kg3 Rfc8 46. Ne5 f6 47. Nc6 R8xc6 48. bxc6 Rxc6 49. Rd8+ Kf7 50. Rb8 Kg6 51. Rb7 h5 52. f3 Kh6 53. Re7 g5 54. fxg5+ Kxg5 55. Rg7+ Kh6 56. Rb7 e5 57. Rf7 Kg6 58. Rb7 Kf5 59. Rb8 Ke6 60. Rb7 Kd5 61. Kh4 f5 62. Kxh5 e4 63. fxe4+ fxe4 64. Kg4 Re6 65. Rd7+ Kc4 66. Rd1 e3 67. Kf3 e2 68. Ra1 e1Q 0-1

[Event "Wch Blitz"]
[Site "New York"]
[Date "2024.12.30"]
[Round "1"]
[White "Raja, Harshit"]
[Black "Robson, Ray"]
[Result "1-0"]
[WhiteElo "2482"]
[BlackElo "2700"]
[PlyCount "95"]
[EventDate "2024.12.30"]
[EventType "swiss (blitz)"]
[EventRounds "13"]
[EventCountry "USA"]
[SourceTitle "CB01_2025"]
[SourceDate "2025.01.01"]
[SourceVersion "1"]
[SourceVersionDate "2025.01.01"]
[SourceQuality "1"]

1. e4 e5 2. Nf3 Nc6 3. Bb5 a6 4. Ba4 Nf6 5. 0-0 b5 6. Bb3 Bb7 7. d3 Be7 8. Re1 0-0 9. Nc3 d6 10. a3 Na5 11. Ba2 c5 12. b4 Nc6 13. Nd5 h6 14. c3 cxb4 15. axb4 Nxd5 16. exd5 Nb8 17. d4 Nd7 18. dxe5 dxe5 19. Nxe5 Nxe5 20. Rxe5 Bf6 21. Re3 a5 22. Bb3 axb4 23. Rxa8 Bxa8 24. cxb4 Qd6 25. Rd3 Qxb4 26. h3 Rd8 27. Be3 Qe4 28. Bb6 Rb8 29. Bc7 Rc8 30. Re3 Qg6 31. Rg3 Qf5 32. d6 Qd7 33. Rd3 Be4 34. Re3 Bc6 35. Qe2 Rf8 36. Bc2 g6 37. Qd3 Bd8 38. Bxd8 Rxd8 39. Qd2 Qc8 40. Re7 h5 41. Qf4 Bd5 42. Bxg6 fxg6 43. Qf6 Qc1+ 44. Kh2 Qh6 45. d7 Rf8 46. Re8 Bf7 47. Rxf8+ Qxf8 48. d8Q 1-0

[Event "Wch Blitz"]
[Site "New York"]
[Date "2024.12.30"]
[Round "7"]
[White "Schnaider, Ilan"]
[Black "Robson, Ray"]
[Result "0-1"]
[WhiteElo "2392"]
[BlackElo "2700"]
[PlyCount "90"]
[EventDate "2024.12.30"]
[EventType "swiss (blitz)"]
[EventRounds "13"]
[EventCountry "USA"]
[SourceTitle "CB01_2025"]
[SourceDate "2025.01.01"]
[SourceVersion "1"]
[SourceVersionDate "2025.01.01"]
[SourceQuality "1"]

1. d4 Nf6 2. Nc3 d5 3. Bf4 g6 4. Qd2 Bg7 5. Bh6 0-0 6. Bxg7 Kxg7 7. e3 c6 8. h3 Nbd7 9. g4 e5 10. dxe5 Nxe5 11. f4 Ned7 12. 0-0-0 Qe7 13. Bg2 Re8 14. Re1 b5 15. g5 Nh5 16. Nf3 b4 17. Nd1 Ng3 18. Rhg1 Ne4 19. Qd4+ Kg8 20. Nd2 Ndc5 21. Bxe4 Nxe4 22. Nxe4 Qxe4 23. Qxe4 Rxe4 24. Nf2 Re8 25. Nd3 a5 26. h4 Bf5 27. Ne5 c5 28. Rh1 h5 29. gxh6 f6 30. Nf3 Bg4 31. Nd2 Kh7 32. Rhg1 Bf5 33. h5 gxh5 34. Rg7+ Kxh6 35. Rc7 Rac8 36. Ra7 h4 37. Rxa5 h3 38. Nf3 Be4 39. Nh2 Rg8 40. Ra6 Rcf8 41. f5 Rg2 42. Rh1 Rxc2+ 43. Kd1 Rxb2 44. Rg1 Rb1+ 45. Ke2 Rxg1 0-1

[Event "Wch Rapid"]
[Site "New York"]
[Date "2024.12.28"]
[Round "10"]
[White "Robson, Ray"]
[Black "Caruana, Fabiano"]
[Result "1/2-1/2"]
[WhiteElo "2645"]
[BlackElo "2766"]
[PlyCount "95"]
[EventDate "2024.12.26"]
[EventType "swiss (rapid)"]
[EventRounds "13"]
[EventCountry "USA"]
[SourceTitle "CB01_2025"]
[SourceDate "2025.01.01"]
[SourceVersion "1"]
[SourceVersionDate "2025.01.01"]
[SourceQuality "1"]

1. d4 Nf6 2. c4 e6 3. Nc3 d5 4. cxd5 exd5 5. Bg5 c6 6. Qc2 h6 7. Bh4 Be7 8. e3 0-0 9. Bd3 Ne8 10. Bg3 Nd6 11. Nge2 Re8 12. f3 Nc4 13. Bxc4 dxc4 14. e4 b5 15. 0-0 Na6 16. a3 Nc7 17. Rad1 a5 18. Kh1 Ra6 19. a4 Bd6 20. d5 Bxg3 21. Nxg3 b4 22. d6 bxc3 23. dxc7 Qxc7 24. Qxc3 Be6 25. Rd2 Raa8 26. Rfd1 Rad8 27. Ne2 c5 28. Qe3 Qb6 29. Nf4 Rxd2 30. Qxd2 Qb3 31. Nxe6 Rxe6 32. Rc1 Rb6 33. h3 Qd3 34. Qxd3 cxd3 35. Rxc5 d2 36. Rd5 Rxb2 37. Kh2 g5 38. Kg3 Kg7 39. f4 Kg6 40. Rd6+ f6 41. e5 Kf5 42. exf6 gxf4+ 43. Kf3 d1Q+ 44. Rxd1 Rb3+ 45. Kf2 Rb2+ 46. Kf3 Rb3+ 47. Ke2 Rb2+ 48. Kf3 1/2-1/2